Eastern Utah Libraries Catalog: Duchesne, Heber, Roosevelt, & Vernal

A History of Fear / (Record no. 379307)

MARC details
000 -LEADER
fixed length control field 01920nim a22003255 4500
005 - DATE AND TIME OF LATEST TRANSACTION
control field 20230330113114.0
007 - PHYSICAL DESCRIPTION FIXED FIELD--GENERAL INFORMATION
fixed length control field sd fungnnuuneu
008 - FIXED-LENGTH DATA ELEMENTS--GENERAL INFORMATION
fixed length control field 221012s2022 nnnn ## n eng d
020 ## - INTERNATIONAL STANDARD BOOK NUMBER
International Standard Book Number 9781797148519 (audiobook)
Terms of availability 39.99
040 ## - CATALOGING SOURCE
Original cataloging agency CTMMSN
Language of cataloging eng
Description conventions rda
Transcribing agency CTMMSN
082 04 - DEWEY DECIMAL CLASSIFICATION NUMBER
Classification number [FIC]
092 ## - LOCALLY ASSIGNED DEWEY CALL NUMBER (OCLC)
Classification number Audiobook
Item number Dumas
100 ## - MAIN ENTRY--PERSONAL NAME
Personal name Dumas, Luke.
9 (RLIN) 6459192
245 12 - TITLE STATEMENT
Title A History of Fear /
Statement of responsibility, etc Luke Dumas.
250 ## - EDITION STATEMENT
Edition statement Unabridged.
264 #2 - Production, Publication, Distribution, Manufacture, and Copyright Notice.
Place of production, publication, distribution, manufacture Old Saybrook, Connecticut :
Name of producer, publisher, distributor, manufacturer www.micromarketing.org
264 #1 - Production, Publication, Distribution, Manufacture, and Copyright Notice.
Place of production, publication, distribution, manufacture [Ashland, Oregon] :
Name of producer, publisher, distributor, manufacturer [Blackstone Audio],
Date of production, publication, distribution, manufacture, or copyr [2022].
300 ## - PHYSICAL DESCRIPTION
Extent 9 sound discs (approximately 11.5 hours) :
Other physical details digital, CD audio ;
Dimensions 4 3/4 in.
336 ## - Content Type
Content type term spoken word
337 ## - Media type
Media type term audio
338 ## - Carrier type
Carrier type term audio disc
500 ## - GENERAL NOTE
General note [Typographic symbols and accents removed for systems compatibility.]
511 1# - PARTICIPANT OR PERFORMER NOTE
Participant or performer note Read by [TBD].
520 ## - SUMMARY, ETC.
Summary, etc "An eerie literary suspense debut following the harrowing downfall of a tortured graduate student who's been nicknamed the Devil's Advocate for his sensational crime: murdering a classmate, then claiming the Devil made him do it. The Devil is in Scotland. Grayson Hale, the most infamous murderer in Scotland, is better known by a different name: the Devil's Advocate. The twenty-five-year-old American grad student rose to instant notoriety when he confessed to the slaughter of his classmate Liam Stewart, claiming the Devil made him do it. When Hale is found hanged in his prison cell, officers uncover a handwritten manuscript that promises to answer the question that's haunted the nation for years: was Hale a lunatic, or had he been telling the truth all along?"--Provided by publisher.
650 #0 - SUBJECT ADDED ENTRY--TOPICAL TERM
Topical term or geographic name as entry element Graduate students
Form subdivision Fiction.
9 (RLIN) 5735774
655 #7 - INDEX TERM--GENRE/FORM
Genre/form data or focus term Audiobooks.
Source of term lcgft
700 1# - ADDED ENTRY--PERSONAL NAME
Personal name [TBD],
Relator term narrator.
9 (RLIN) 5885954
942 ## - ADDED ENTRY ELEMENTS (KOHA)
Source of classification or shelving scheme Dewey Decimal Classification
Koha item type Audiobook on CD
949 ## - LOCAL PROCESSING INFORMATION (OCLC)
n www.MicroMarketing.org 800-229-9887
Holdings
Withdrawn status Lost status Source of classification or shelving scheme Materials specified (bound volume or other part) Damaged status Not for loan Collection code Home library Current library Shelving location Date acquired Source of acquisition Total Checkouts Full call number Barcode Date last seen Cost, replacement price Price effective from Koha item type
    Dewey Decimal Classification 9 discs     Audiobooks Wasatch County Library Wasatch County Library Second Floor 03/30/2023 Micromarketing   CD Dumas 34301002000083 03/07/2024 39.99 03/30/2023 Audiobook on CD
This project was made possible through a grant from the Institute of Museum and Library Service administered by the Utah State Library Division.

Wasatch County Library

  • 465 East 1200 South, Heber City, Utah 84032
  • Phone 435-654-1511 | Fax 435-654-6456

Hours

  • Monday - Friday 9:30 AM - 8:00 PM
  • Saturday 9:30 AM - 1:30 PM
  • Closed Sundays and Holidays